| 000 | 00669nam a2200181Ia 4500 | ||
|---|---|---|---|
| 008 | 151018s9999 xx 000 0 und d | ||
| 082 |
_bRBASDV21739 _a910.2 |
||
| 100 | _aअरुण गोडबोले | ||
| 245 | _aअजिंक्यतारा ते आल्प्स | ||
| 250 | _b1 | ||
| 260 |
_bकौशिक प्रकाशन सातारा _c1988 |
||
| 300 | _a316 | ||
| 600 | _aअरुण गोडबोले | ||
| 630 | _aअजिंक्यतारा ते आल्प्स | ||
| 700 | _aअरुण गोडबोले | ||
| 730 | _aअजिंक्यतारा ते आल्प्स | ||
| 942 | _cBOOK | ||
| 999 |
_c1021418 _d1021415 |
||